Statistics for The Only Three Countries in the World

Click here to take the quiz!

General Stats

  • This quiz has been taken 1,832 times
    (712 since last reset)
  • The average score is 21 of 30

Answer Stats

Name all countries that...Countries% Correct
has Chinese as an official languageChina
94%
United States
93%
is completely surrounded by another countryLesotho
89%
Indonesia
88%
Vatican City
87%
Malaysia
86%
Ireland
84%
is absolute monarchy and not in middle east | is on BorneoBrunei
84%
San Marino
82%
Taiwan
82%
Netherlands
79%
borders TogoBenin
79%
Ghana
79%
Burkina Faso
74%
Georgia
70%
Singapore
69%
is CaucasianArmenia
69%
Azerbaijan
69%
contain all vowels and in AfricaD.R. Congo
64%
has only green, white, and orange flagCôte d'Ivoire
64%
Niger
58%
Solomon Islands
49%
end in -landsMarshall Islands
49%
Mozambique
48%
Eswatini
44%
that don't follow metric systemLiberia
43%
Myanmar
42%
Equatorial Guinea
38%

Score Distribution

Percentile by Number Answered

Percent of People with Each Score

Your Score History

You have not taken this quiz since the last reset